Statistiques concernant Quizlendrier de l'Avent #23 - Paroles - Etoile des neiges

Cliquez ici pour prendre le quiz!

Statistiques générales

  • Ce quiz a été pris 77 fois
  • Le résultat moyen est 115 sur 217

Statistiques - réponses

Paroles% Correct
d'
100%
N'
99%
n'
99%
À
97%
à
97%
De
97%
de
97%
Et
97%
et
97%
Ne
97%
des
96%
Des
96%
Dès
96%
Étoile
96%
neiges
96%
S'
96%
s'
96%
Mon
85%
mon
85%
te
85%
est
81%
amour.
79%
amour
79%
cœur
79%
Je
79%
amoureux
78%
L'
75%
ma
75%
se
75%
tes
75%
Tes
75%
Au
72%
au
72%
pris
72%
yeux
71%
le
69%
Le
69%
en
68%
grands
68%
piège
68%
sa
67%
tout
67%
un
65%
Un
65%
la
64%
là-
64%
qu'
63%
vie
63%
Dans
60%
toute
58%
fais
57%
Les
57%
les
57%
serment.
57%
Il
54%
il
54%
Pour
54%
pour
54%
ses
54%
aimer
51%
montagne
51%
petit
51%
donne
50%
du
50%
Par
50%
par
50%
argent
49%
beaux
49%
Cette
49%
Que
49%
son
47%
croix
46%
gage
46%
Nous
44%
nous
44%
pas
44%
quand
43%
savoyard.
42%
savoyard
42%
ciel
36%
coin
36%
perdu
36%
retour
36%
avons
35%
jamais
35%
soir
35%
tu
33%
nos
32%
notre
31%
pars
31%
voyage
31%
Comme
29%
haut
29%
bergère
28%
jours
28%
plus
28%
printemps ?
28%
Sur
26%
Ton
26%
Chantait
25%
Comment
25%
doux
25%
marier
25%
parents
25%
regard.
25%
protège
24%
rien
24%
Sèche
22%
calme
21%
empêche
21%
ferons-
21%
Près
21%
de t'
19%
Hélas
19%
hameau
17%
ramoneur
17%
ville
17%
attendait
15%
fiancée
15%
fit
15%
partit
14%
refleurirent
14%
revint
14%
soupirait
14%
troupeaux.
14%
Alors
13%
bras.
13%
mariage
13%
noir
13%
pluie
13%
vent
13%
clochettes
11%
histoire
11%
Parmi
11%
cheminées
10%
Encore
10%
fleurs
10%
répondront
10%
suie
10%
Finit
8%
perds
8%
reviendra
8%
courage
7%
diable
7%
entre
7%
garçons
7%
honneur
7%
seras
7%
Vont
7%
Portant
6%
cortège
4%
bientôt
1%

Distribution des résultats

Percentile par nombre de réponses

% des personnes avec chaque résultat

Votre développement - résultats

Vous n’avez pas pris ce quiz